Sans rire et sans parler. (Record no. 1332)
[ view plain ]
| 000 -LEADER | |
|---|---|
| fixed length control field | 00543cam a22002051 4500 |
| 001 - CONTROL NUMBER | |
| control field | af 47001646 |
| 003 - CONTROL NUMBER IDENTIFIER | |
| control field | DLC |
| 005 - DATE AND TIME OF LATEST TRANSACTION | |
| control field | 20260227110809.0 |
| 008 - FIXED-LENGTH DATA ELEMENTS--GENERAL INFORMATION | |
| fixed length control field | 860912s1945 fr 000 0 fre c |
| 010 ## - LIBRARY OF CONGRESS CONTROL NUMBER | |
| LC control number | af 47001646 |
| 035 ## - SYSTEM CONTROL NUMBER | |
| System control number | (OCoLC)14208249 |
| 040 ## - CATALOGING SOURCE | |
| Original cataloging agency | Chicago. Univ. Library |
| Transcribing agency | CLU |
| Modifying agency | DLC |
| 042 ## - AUTHENTICATION CODE | |
| Authentication code | premarc |
| 050 00 - LIBRARY OF CONGRESS CALL NUMBER | |
| Classification number | PQ2613.E7373 |
| Item number | S3 |
| 082 ## - DEWEY DECIMAL CLASSIFICATION NUMBER | |
| Classification number | 843.91 |
| 100 1# - MAIN ENTRY--PERSONAL NAME | |
| Personal name | Germaire, Louis. |
| 245 10 - TITLE STATEMENT | |
| Title | Sans rire et sans parler. |
| 260 ## - PUBLICATION, DISTRIBUTION, ETC. | |
| Place of publication, distribution, etc. | [Paris] |
| Name of publisher, distributor, etc. | Éditions du Pavois |
| Date of publication, distribution, etc. | [1945] |
| 300 ## - PHYSICAL DESCRIPTION | |
| Extent | 4 p. l., 11-193 p., 1 l. |
| Dimensions | 19 cm. |
No items available.